=LDR 00000nam 2200000 4500 =001 INLIS000000000006953 =005 20130612095028 =008 ***********************************Ind** =035 ##$$a0010-061300000006953 =041 ##$$a Ind =082 ##$$a 350 =090 ##$$a 350, Pam l =100 ##$$a Pamuji, S =245 ##$$a Ekologi administrasi negara, Prof. Drs. S. Pamuji, M.Pa =260 ##$$a [s.a] $b Jakarta =300 ##$$a 221 hlm, 21 cm =650 ##$$a Administrasi Negara =850 ##$$a NBPNMAT =990 ##$$a 90652/BPAP-NTB/2014 =990 ##$$a 73517351 =990 ##$$a 01201807351 =990 ##$$a 169.456/Pb.2002 =990 ##$$a 169.457/Pb.2002 =990 ##$$a 169.458/Pb.2002 =990 ##$$a 169.459/Pb.2002 =990 ##$$a 9257 =990 ##$$a 90652/BPAP-NTB/2014